[Event "Fagernes Chess International"]
[Site "Fagernes"]
[Date "2015.03.29"]
[Round "6"]
[White "Mrachek, Svetlana"]
[Black "Lundberg, Alf W."]
[Result "0-1"]
[WhiteElo "1617"]
[BlackElo "1925"]
[PlyCount "86"]
[EventDate "2015.??.??"]

1. d4 Nf6 2. c4 Nc6 3. Nf3 d6 4. Nc3 e5 5. d5 Ne7 6. e4 Ng6 7. Bd3 Be7 8. h3
Nh5 9. Ne2 O-O 10. Be3 Nhf4 11. Nxf4 Nxf4 12. Bxf4 exf4 13. Qd2 Bf6 14. Qxf4
Bxb2 15. Rb1 Bc3+ 16. Kf1 Qf6 17. Qe3 b6 18. g4 h6 19. Rg1 Re8 20. h4 g6 21. g5
hxg5 22. hxg5 Bh3+ 23. Ke2 Qg7 24. Rg3 Bd7 25. Rh1 Re7 26. Rg2 Rae8 27. Rgh2
Bg4 28. Qf4 Bf5 29. Kf1 Bxe4 30. Rh8+ Qxh8 31. Rxh8+ Bxh8 32. Qe3 Bxd5 33. Qf4
Be4 34. Be2 Bb1 35. Bd1 Bd3+ 36. Kg1 Re4 37. Qd2 Bxc4 38. Kh2 d5 39. Kg3 c5 40.
Qc2 Bb5 41. Qd2 d4 42. Qb2 Be2 43. Nd2 Rg4+
0-1

[Event "Fagernes Chess International"]
[Site "Fagernes"]
[Date "2015.03.29"]
[Round "6"]
[White "Engevik, Bjarne J."]
[Black "Mansoor, Afras"]
[Result "1-0"]
[WhiteElo "1819"]
[BlackElo "1625"]
[PlyCount "73"]
[EventDate "2015.??.??"]

1. e4 c6 2. d4 d5 3. exd5 cxd5 4. Nf3 Bg4 5. Be2 Nc6 6. O-O e6 7. Re1 Bd6 8. c3
Nge7 9. Nbd2 O-O 10. Nf1 Nf5 11. Ne3 Nce7 12. Nxg4 Ng6 13. Nge5 Ngh4 14. Bd3 g6
15. Bg5 f6 16. Nxh4 fxg5 17. Nxf5 exf5 18. Qb3 Bxe5 19. Rxe5 Qf6 20. Qxd5+ Kh8
21. Rae1 f4 22. Qxb7 g4 23. Qe7 Qc6 24. Be4 Qc8 25. Bxa8 Qxa8 26. Qxf8+ Qxf8
27. Re8 Kg8 28. Rxf8+ Kxf8 29. d5 g3 30. fxg3 h5 31. gxf4 h4 32. d6 a5 33. d7
a4 34. d8=Q+ Kf7 35. Qd6 Kg7 36. f5 Kh6 37. Qxg6#
1-0

[Event "Fagernes Chess International"]
[Site "Fagernes"]
[Date "2015.03.29"]
[Round "6"]
[White "Standal, Bård"]
[Black "Taksrud, Vidar"]
[Result "0-1"]
[WhiteElo "1771"]
[BlackElo "2009"]
[PlyCount "44"]
[EventDate "2015.??.??"]

1. Nf3 Nf6 2. d3 d5 3. Nbd2 g6 4. e4 dxe4 5. dxe4 Bg7 6. g3 Nc6 7. c3 Bg4 8. h3
Be6 9. Qe2 h6 10. Bg2 Qd7 11. g4 O-O-O 12. Nh2 Ne5 13. O-O Nd3 14. b4 Nxc1 15.
Raxc1 Qxd2 16. Qb5 a6 17. Qc5 Kb8 18. b5 Nd7 19. Qb4 Qd6 20. Qb2 axb5 21. Qxb5
Qc5 22. Qb2 Nb6
0-1

[Event "Fagernes Chess International"]
[Site "Fagernes"]
[Date "2015.03.29"]
[Round "6"]
[White "Pettersen, Joar Gullestad"]
[Black "Nilsen, Tobias Lang"]
[Result "1-0"]
[WhiteElo "1979"]
[BlackElo "1761"]
[PlyCount "73"]
[EventDate "2015.??.??"]

1. Nf3 d5 2. c4 e6 3. b3 Nf6 4. g3 b6 5. Bg2 Bb7 6. O-O Be7 7. Bb2 O-O 8. e3
Nbd7 9. Qe2 dxc4 10. bxc4 Nc5 11. d4 Na4 12. Ba3 Nc3 13. Qb2 Nxb1 14. Raxb1 Rc8
15. Rfd1 Bxa3 16. Qxa3 Qd6 17. c5 Qe7 18. Qxa7 Be4 19. cxb6 Bxb1 20. b7 Rb8 21.
Rxb1 Nd5 22. Ne5 Qd6 23. Qc5 Qa6 24. Bxd5 exd5 25. Qxd5 Qa4 26. Nc6 Qc2 27. Rb5
Qc1+ 28. Kg2 Qc2 29. Nxb8 Rxb8 30. Rc5 Qa4 31. Rxc7 Qe8 32. a4 Qf8 33. a5 h6
34. a6 Kh7 35. Qxf7 Qh8 36. Qf5+ Kg8 37. Rc8+
1-0

[Event "Fagernes Chess International"]
[Site "Fagernes"]
[Date "2015.03.29"]
[Round "6"]
[White "Lund, Gunnar"]
[Black "Ali, Karim"]
[Result "1-0"]
[WhiteElo "1719"]
[BlackElo "1798"]
[PlyCount "59"]
[EventDate "2015.??.??"]

1. e4 a6 2. d4 e6 3. Bd3 d5 4. e5 c5 5. c3 Nc6 6. Nf3 Qb6 7. Bc2 cxd4 8. cxd4
Nge7 9. b3 Nb4 10. Bb2 Bd7 11. O-O Rc8 12. Nc3 Nxc2 13. Qxc2 Nf5 14. Qd2 Bb4
15. Rac1 O-O 16. Qf4 Qa5 17. Qd2 Rc7 18. a3 Bxa3 19. Ra1 Bxb2 20. Rxa5 Bxc3 21.
Qa2 Bxa5 22. Qxa5 Rfc8 23. Qb6 h6 24. g4 Ne7 25. Kg2 Kf8 26. Rd1 Bb5 27. b4 Be2
28. Rd2 Ng6 29. Rxe2 Nf4+ 30. Kf1
1-0

[Event "Fagernes Chess International"]
[Site "Fagernes"]
[Date "2015.03.29"]
[Round "6"]
[White "Hoem, Tor Wetle"]
[Black "Robertsen, Bjørn"]
[Result "1-0"]
[WhiteElo "2039"]
[BlackElo "1810"]
[PlyCount "31"]
[EventDate "2015.??.??"]

1. d4 Nf6 2. c4 e6 3. Nf3 c5 4. d5 g6 5. Nc3 Bg7 6. e4 O-O 7. Be2 exd5 8. cxd5
d6 9. Nd2 a6 10. a4 Ne8 11. Nc4 f5 12. exf5 Bxf5 13. O-O Nd7 14. g4 Bxc3 15.
bxc3 Be4 16. f3
1-0

[Event "Fagernes Chess International"]
[Site "Fagernes"]
[Date "2015.03.29"]
[Round "6"]
[White "Bue, Gunnar"]
[Black "Bjørgvik, Jan Arne"]
[Result "1/2-1/2"]
[WhiteElo "1673"]
[BlackElo "1833"]
[PlyCount "84"]
[EventDate "2015.??.??"]

1. d4 d5 2. c4 e6 3. Nf3 Nf6 4. e3 c6 5. Bd3 Bb4+ 6. Bd2 Bxd2+ 7. Qxd2 b6 8.
Nc3 Bb7 9. O-O O-O 10. e4 dxc4 11. Bxc4 Qe7 12. Qe2 b5 13. Bb3 Ba6 14. Nd1 b4
15. Bc4 Bxc4 16. Qxc4 Nxe4 17. Rc1 a5 18. Qd3 Nf6 19. Ne5 Qb7 20. Ne3 Rd8 21.
Rfd1 Nfd7 22. N3c4 Nxe5 23. Nxe5 f6 24. Nf3 Rd6 25. Qe4 Na6 26. Re1 Rad8 27. h3
Nc7 28. Rc5 Rd5 29. Rec1 Rxc5 30. Rxc5 Rd5 31. Qc2 Rxc5 32. Qxc5 Nb5 33. a4
bxa3 34. bxa3 Qa8 35. Nd2 Nc7 36. Nc4 a4 37. Nb6 Qb7 38. Nxa4 Qb1+ 39. Kh2 Qb5
40. Qc2 Nd5 41. Nc5 Nc7 42. Qe4 Qc4
1/2-1/2

[Event "Fagernes Chess International"]
[Site "Fagernes"]
[Date "2015.03.29"]
[Round "6"]
[White "Wærstad, Leif E"]
[Black "Fossan, Andreas"]
[Result "0-1"]
[WhiteElo "1622"]
[BlackElo "1873"]
[PlyCount "60"]
[EventDate "2015.??.??"]

1. d4 Nf6 2. Nf3 d5 3. c4 c6 4. Nc3 dxc4 5. e3 b5 6. a4 b4 7. Nb1 a5 8. Bxc4 e6
9. O-O Be7 10. Qd3 O-O 11. Rd1 Ba6 12. Nbd2 Qc7 13. b3 Rd8 14. Bb2 c5 15. Bxa6
Nxa6 16. e4 cxd4 17. Rac1 Nc5 18. Bxd4 Qb7 19. Qe3 Ncxe4 20. Nxe4 Qxe4 21. Qxe4
Nxe4 22. Re1 Nf6 23. g3 Nd5 24. Kg2 Rdc8 25. h4 Bf6 26. Bxf6 Nxf6 27. Rxc8+
Rxc8 28. Nd4 Nd5 29. Nb5 Rc2 30. Rd1 Ne3+
0-1

[Event "Fagernes Chess International"]
[Site "Fagernes"]
[Date "2015.03.29"]
[Round "6"]
[White "Edakina, Anastasia"]
[Black "Ingebretsen, Jens E"]
[Result "0-1"]
[WhiteElo "1760"]
[BlackElo "1449"]
[PlyCount "96"]
[EventDate "2015.??.??"]

1. e4 e6 2. d4 d5 3. exd5 exd5 4. Bd3 Nf6 5. Bg5 Bd6 6. Nf3 O-O 7. O-O Bg4 8.
Nbd2 Nbd7 9. c3 c5 10. dxc5 Nxc5 11. Bc2 Ne6 12. Be3 Qc7 13. Qb1 Nf4 14. Bf5
Rfe8 15. h3 Bxf5 16. Qxf5 Ne2+ 17. Kh1 Rxe3 18. Rfe1 Bg3 19. Ng1 Rae8 20. fxe3
Bxe1 21. Nxe2 Bxd2 22. Nf4 Bxe3 23. Nxd5 Nxd5 24. Qxd5 g6 25. Rf1 Bh6 26. c4
Bg7 27. b3 Bc3 28. Qf3 Re1 29. Rxe1 Bxe1 30. Qe3 Bb4 31. Qxa7 Qe7 32. Qb8+ Kg7
33. Qg3 Qe1+ 34. Qxe1 Bxe1 35. Kg1 Bb4 36. Kf2 Kf6 37. Ke3 Ke5 38. g3 g5 39. g4
h6 40. Kf3 Kd4 41. Ke2 Ke4 42. Kf2 Kd3 43. Kf3 Ba5 44. Kg3 Ke3 45. Kg2 Kf4 46.
Kh2 Kf3 47. Kh1 Kg3 48. h4 Kxg4
0-1

[Event "Fagernes Chess International"]
[Site "Fagernes"]
[Date "2015.03.29"]
[Round "6"]
[White "Skjølingstad, Sverre"]
[Black "Berntsen-Øybø, August"]
[Result "0-1"]
[WhiteElo "1513"]
[BlackElo "1717"]
[PlyCount "116"]
[EventDate "2015.??.??"]

1. e4 c5 2. Nf3 Nc6 3. d4 cxd4 4. Nxd4 e5 5. Nb5 d6 6. N1c3 Nf6 7. Be2 a6 8.
Na3 b5 9. Nd5 Be7 10. f3 O-O 11. O-O Nxd5 12. exd5 Nd4 13. c3 Nxe2+ 14. Qxe2
Bb7 15. Rd1 f5 16. f4 e4 17. Nc2 Qd7 18. b3 Bf6 19. Bb2 Rac8 20. Qd2 Qc7 21.
Nd4 Bxd4+ 22. Qxd4 Qc5 23. Rac1 Qxd4+ 24. Rxd4 Kf7 25. Ba3 Ke7 26. Kf2 a5 27.
Bb2 Rc7 28. Ke3 Rfc8 29. Rd2 Rc5 30. Rcd1 g6 31. g3 Kd7 32. a3 Rxc3+ 33. Bxc3
Rxc3+ 34. Ke2 Rxb3 35. Ra2 Rc3 36. Rdd2 Rc5 37. Rac2 Rxc2 38. Rxc2 Bxd5 39. Ke3
Bc4 40. Kd4 d5 41. Rb2 Kc6 42. Rb1 Kd6 43. Rb2 Kd7 44. h4 h5 45. Rb1 Kc7 46.
Rb2 Kd6 47. Rb1 Kc6 48. Rb2 b4 49. axb4 a4 50. b5+ Kb6 51. Rb4 a3 52. Kc3 e3
53. Ra4 a2 54. Ra8 Kxb5 55. Rb8+ Kc6 56. Kc2 d4 57. Rd8 a1=Q 58. Rd6+ Kxd6
0-1

[Event "Fagernes Chess International"]
[Site "Fagernes"]
[Date "2015.03.29"]
[Round "6"]
[White "Brobakken, Lars Erik"]
[Black "Jacobsen, Caroline Beer"]
[Result "1/2-1/2"]
[WhiteElo "1284"]
[BlackElo "1668"]
[PlyCount "160"]
[EventDate "2015.??.??"]

1. d4 Nf6 2. Nf3 e6 3. c4 Bb4+ 4. Bd2 Qe7 5. a3 Bxd2+ 6. Nbxd2 d5 7. e3 O-O 8.
Bd3 Bd7 9. O-O a5 10. Re1 Bc6 11. Ne5 Qe8 12. c5 Nbd7 13. Nxc6 bxc6 14. f4 Qb8
15. Rb1 g6 16. g4 h5 17. gxh5 Nxh5 18. Re2 Ndf6 19. Rg2 Ra7 20. Nf3 Ng7 21. Ne5
Qe8 22. Qa4 Nf5 23. Bxf5 exf5 24. Qxc6 Qe7 25. Qa4 Ng4 26. Nxg4 fxg4 27. Rg3
Qe4 28. Qd1 Re8 29. Rc1 Rb7 30. Qc2 c6 31. Qxe4 Rxe4 32. Rc2 Kg7 33. Kf2 Rb3
34. Re2 f5 35. Ke1 Kf7 36. Kd1 a4 37. Ke1 Rd3 38. Kf2 Rb3 39. Rg1 Re8 40. Rc1
Reb8 41. Rcc2 Rh8 42. Kg2 Rhb8 43. Kf2 Kg7 44. Kg3 Kh6 45. h3 gxh3 46. Kxh3 Rd3
47. Kg3 Rd1 48. Rh2+ Kg7 49. Rh3 Rb3 50. Kf3 Rf1+ 51. Kg2 Rb1 52. Kf3 R1xb2 53.
Rch2 Rxh2 54. Rxh2 Rxa3 55. Rb2 Rb3 56. Ra2 a3 57. Ra1 Kf6 58. Ra2 Ke6 59. Ra1
Kd7 60. Rh1 Kc8 61. Rh8+ Kb7 62. Rh7+ Ka8 63. Rh2 Rb2 64. Rh8+ Ka7 65. Rh7+ Ka6
66. Rh8 a2 67. Ra8+ Kb7 68. Ra3 Kc7 69. Ra7+ Kd8 70. Ra6 Ke7 71. Ra7+ Kf8 72.
Ra8+ Ke7 73. Ra7+ Kd8 74. Ra8+ Kc7 75. Ra7+ Kb8 76. Ra6 Kb7 77. Ra3 Rh2 78. Kg3
Rb2 79. Kf3 Kc7 80. Ra7+ Kd8
1/2-1/2

[Event "Fagernes Chess International"]
[Site "Fagernes"]
[Date "2015.03.29"]
[Round "6"]
[White "Yilmaz, Kazim"]
[Black "Kløfsrud, August Kristiansen"]
[Result "1/2-1/2"]
[WhiteElo "1620"]
[BlackElo "1571"]
[PlyCount "75"]
[EventDate "2015.??.??"]

1. c4 c5 2. Nf3 Nf6 3. Nc3 Nc6 4. g3 g6 5. Bg2 Bg7 6. O-O O-O 7. e3 d6 8. d4
cxd4 9. exd4 e6 10. Be3 Bd7 11. Rc1 Qe7 12. Re1 Rfc8 13. d5 Nd8 14. b3 a6 15.
a4 e5 16. Bg5 Qf8 17. Qd2 Nh5 18. Qe2 f5 19. Bxd8 Qxd8 20. Red1 Qb6 21. Qa2 Re8
22. h4 f4 23. gxf4 Nxf4 24. a5 Qd8 25. Ne4 Bg4 26. Neg5 Nxg2 27. Kxg2 e4 28.
Nd4 Bf3+ 29. Ndxf3 exf3+ 30. Nxf3 Re4 31. Re1 Rg4+ 32. Kf1 Qf6 33. Qe2 Rf8 34.
Ng5 Rf4 35. Qe6+ Qxe6 36. Nxe6 Rxf2+ 37. Kg1 R8f5 38. Nxg7
1/2-1/2

[Event "Fagernes Chess International"]
[Site "Fagernes"]
[Date "2015.03.29"]
[Round "6"]
[White "Gaure, Sigurd Lauvås"]
[Black "Mørkedal, Øyvind"]
[Result "0-1"]
[WhiteElo "1370"]
[BlackElo "1711"]
[PlyCount "26"]
[EventDate "2015.??.??"]

1. e4 c5 2. Nf3 e6 3. d4 cxd4 4. Nxd4 a6 5. Nc3 Qc7 6. Bd3 Nf6 7. O-O Bc5 8.
Nf3 d6 9. Be3 Nbd7 10. Bc4 Bxe3 11. fxe3 Qxc4 12. Qd4 Qxd4 13. exd4 e5
0-1

[Event "Fagernes Chess International"]
[Site "Fagernes"]
[Date "2015.03.29"]
[Round "6"]
[White "Krogseth, Lars Martin"]
[Black "Hina, Ariza"]
[Result "1-0"]
[WhiteElo "1585"]
[BlackElo "816"]
[PlyCount "63"]
[EventDate "2015.??.??"]

1. e4 e5 2. f4 Bc5 3. Nf3 Nc6 4. c3 d6 5. d4 Bb6 6. Bc4 Be6 7. d5 Bg4 8. dxc6
bxc6 9. fxe5 Qe7 10. h3 Bxf3 11. Qxf3 dxe5 12. Be3 Nf6 13. Bxb6 cxb6 14. Nd2
Rd8 15. Nb3 h6 16. O-O a5 17. a4 Rd6 18. Be2 Re6 19. Rad1 Rd6 20. Rxd6 Qxd6 21.
Rd1 Qe6 22. Qd3 Ke7 23. Nc1 Rg8 24. c4 Nd7 25. Bg4 Nc5 26. Qa3 Qxc4 27. Nb3 Kf6
28. Nxc5 bxc5 29. Qf3+ Kg5 30. Qf5+ Kh4 31. Kh2 g6 32. g3#
1-0

[Event "Fagernes Chess International"]
[Site "Fagernes"]
[Date "2015.03.29"]
[Round "6"]
[White "Sæteren, Erlend"]
[Black "Mansoor, Safeer Uddin"]
[Result "0-1"]
[WhiteElo "1428"]
[BlackElo "1300"]
[PlyCount "104"]
[EventDate "2015.??.??"]

1. e4 c5 2. Nf3 Nc6 3. d4 cxd4 4. Nxd4 d6 5. Nc3 g6 6. Be3 Bg7 7. Bc4 Nf6 8. f3
a6 9. Qd2 Na5 10. Bd3 O-O 11. g4 Bd7 12. h4 Rc8 13. g5 Nh5 14. f4 Nxf4 15. Bxf4
e5 16. Nde2 exf4 17. Qxf4 Be6 18. h5 Be5 19. Qh4 Qd7 20. O-O-O Nc4 21. hxg6
fxg6 22. Rdf1 Rxf1+ 23. Rxf1 Qc6 24. Qf2 Nxb2 25. Kxb2 Bxc3+ 26. Kc1 Qc5 27.
Qxc5 Rxc5 28. Nxc3 Rxc3 29. Kb2 Rc5 30. Rg1 Kg7 31. c3 Bd7 32. a3 Bc6 33. Rg4
Re5 34. c4 h5 35. gxh6+ Kxh6 36. Rf4 Kg5 37. Rf8 Bxe4 38. Bxe4 Rxe4 39. Kc3 Re7
40. Rd8 Kh4 41. Rxd6 g5 42. Rh6+ Kg3 43. Kd4 g4 44. Kd5 Kg2 45. Kd6 Rf7 46. Ke6
Rc7 47. Kd5 g3 48. c5 Kg1 49. Rg6 g2 50. Kd6 Rf7 51. Ke6 Rc7 52. Kd6 Rc6+
0-1

[Event "Fagernes Chess International"]
[Site "Fagernes"]
[Date "2015.03.29"]
[Round "6"]
[White "Galinskyi, Mykhalo"]
[Black "Larsen, Per Magnus"]
[Result "1-0"]
[WhiteElo "1490"]
[BlackElo "1312"]
[PlyCount "171"]
[EventDate "2015.??.??"]

1. e4 e6 2. d4 d5 3. e5 c5 4. c3 Nc6 5. Nf3 Bd7 6. Qc2 Qb6 7. Be3 cxd4 8. Nxd4
Nxd4 9. Bxd4 Qc7 10. Be2 Ne7 11. Bd3 g6 12. f4 Nc6 13. Nd2 Nxd4 14. cxd4 Qxc2
15. Bxc2 Rc8 16. Bb3 Bb4 17. a3 Ba5 18. Ba2 O-O 19. b4 Bb6 20. Nf3 Bb5 21. Kd2
Rc7 22. Rhc1 Rfc8 23. Rxc7 Rxc7 24. a4 Bxa4 25. Bxd5 Bc6 26. Bxc6 Rxc6 27. Rc1
Rc7 28. Rxc7 Bxc7 29. Kd3 b5 30. Ke4 a5 31. bxa5 Bxa5 32. Kd3 Kg7 33. Nd2 Bb4
34. Ne4 Bf8 35. Ke2 Bb4 36. Nc5 Kf8 37. Kd3 Ke7 38. Na6 Ba3 39. Nc5 Kd8 40. Kc2
Kc7 41. Ne4 Be7 42. Kb3 Kc6 43. Kc3 Kd5 44. Nf6+ Bxf6 45. exf6 b4+ 46. Kxb4
Kxd4 47. Kb5 e5 48. fxe5 Kxe5 49. Kc6 Kxf6 50. Kd6 h5 51. Kd5 Kf5 52. Kd4 f6
53. Ke3 g5 54. Kf3 Ke5 55. Ke3 h4 56. Kf3 f5 57. Ke3 f4+ 58. Kf3 Kf6 59. Kg4
Kg6 60. g3 fxg3 61. hxg3 h3 62. Kxh3 Kf5 63. Kg2 Kg4 64. Kf2 Kh3 65. Kf3 g4+
66. Kf4 Kh2 67. Kxg4 Kg2 68. Kf4 Kh3 69. g4 Kh4 70. Kf5 Kh3 71. g5 Kh4 72. g6
Kg3 73. g7 Kf3 74. g8=Q Ke3 75. Qg4 Kd3 76. Ke5 Kc3 77. Kd5 Kb3 78. Kc5 Kc3 79.
Qc4+ Kd2 80. Qb3 Ke2 81. Kd4 Kd2 82. Qd3+ Ke1 83. Qc2 Kf1 84. Ke3 Kg1 85. Kf3
Kh1 86. Qg2#
1-0

[Event "Fagernes Chess International"]
[Site "Fagernes"]
[Date "2015.03.29"]
[Round "6"]
[White "Merkesvik, Amalie Isabel"]
[Black "Grindbakken, Erik"]
[Result "0-1"]
[WhiteElo "1462"]
[BlackElo "1546"]
[PlyCount "104"]
[EventDate "2015.??.??"]

1. e4 c6 2. d4 d5 3. exd5 cxd5 4. Bd3 Nc6 5. c3 e5 6. dxe5 Nxe5 7. Nf3 Bg4 8.
Be2 Nc6 9. O-O Nf6 10. Nd4 Bxe2 11. Qxe2+ Be7 12. Nxc6 bxc6 13. Bg5 O-O 14. Nd2
Re8 15. Rfe1 Ne4 16. Bxe7 Rxe7 17. Nxe4 Rxe4 18. Qf3 Qe7 19. Rxe4 Qxe4 20. Qxe4
dxe4 21. Re1 f5 22. f3 exf3 23. Rf1 fxg2 24. Rxf5 Rd8 25. Kxg2 Rd2+ 26. Rf2
Rxf2+ 27. Kxf2 Kf7 28. Ke3 Ke6 29. b4 Ke5 30. a4 g5 31. b5 Kd5 32. bxc6 Kxc6
33. Kd4 a5 34. Ke5 Kc5 35. Kf5 Kc4 36. Kxg5 Kb3 37. h4 Kxa4 38. Kh6 Kb3 39.
Kxh7 a4 40. Kg8 a3 41. h5 a2 42. h6 a1=Q 43. h7 Qa8+ 44. Kg7 Qb7+ 45. Kg8 Qc8+
46. Kg7 Qd7+ 47. Kg8 Qe6+ 48. Kg7 Qe7+ 49. Kg8 Qg5+ 50. Kf7 Qh6 51. Kg8 Qg6+
52. Kh8 Qf7
0-1

[Event "Fagernes Chess International"]
[Site "Fagernes"]
[Date "2015.03.29"]
[Round "6"]
[White "Berg-Olsen, Sebastian N"]
[Black "Tenold, Andreas"]
[Result "0-1"]
[WhiteElo "1342"]
[BlackElo "1466"]
[PlyCount "98"]
[EventDate "2015.??.??"]

1. d4 f5 2. Nc3 Nf6 3. Bg5 e6 4. e4 fxe4 5. Nxe4 Be7 6. Nxf6+ Bxf6 7. Bxf6 Qxf6
8. Nf3 O-O 9. Be2 d6 10. Qd3 e5 11. dxe5 dxe5 12. Qb3+ Kh8 13. Qc3 Nc6 14.
O-O-O Be6 15. Kb1 a5 16. Bb5 Rfe8 17. Rhe1 e4 18. Qxf6 gxf6 19. Nd4 Bd5 20. c4
Bf7 21. Nxc6 bxc6 22. Bxc6 Bg6 23. Bxa8 Rxa8 24. Re3 f5 25. g3 Rf8 26. f3 exf3
27. Re7 f4+ 28. Kc1 fxg3 29. hxg3 f2 30. Rf1 Bd3 31. Rxf2 Rxf2 32. Rxc7 Rc2+
33. Kd1 Rxc4 34. Rxc4 Bxc4 35. b3 Bb5 36. a4 Bd7 37. Kd2 Be6 38. Kc3 Kg7 39. b4
axb4+ 40. Kxb4 Bd5 41. a5 Kg6 42. Kc5 Bf3 43. Kd4 Kg5 44. Ke3 Kg4 45. Kf2 h5
46. a6 Bd5 47. a7 Bc6 48. Kg1 Kxg3 49. Kf1 h4
0-1

[Event "Fagernes Chess International"]
[Site "Fagernes"]
[Date "2015.03.29"]
[Round "7"]
[White "Kvisla, Johannes Luangtep"]
[Black "Pettersen, Joar Gullestad"]
[Result "1-0"]
[WhiteElo "2174"]
[BlackElo "1979"]
[PlyCount "73"]
[EventDate "2015.??.??"]

1. d4 e6 2. c4 f5 3. Nc3 Nf6 4. e3 Bb4 5. Bd3 c5 6. Nge2 Nc6 7. O-O O-O 8. Qc2
d6 9. f3 Ba5 10. a3 cxd4 11. exd4 Bb6 12. Be3 e5 13. Bf2 Nxd4 14. Nxd4 Bxd4 15.
Bxd4 exd4 16. Nb5 Nh5 17. f4 Qb6 18. Qf2 Nf6 19. Qxd4 Qxd4+ 20. Nxd4 Ne4 21.
Rae1 Nc5 22. Bc2 g6 23. b4 Ne4 24. Bxe4 fxe4 25. Nb5 a5 26. Nxd6 axb4 27. axb4
Ra4 28. b5 Bf5 29. g4 Bxg4 30. Rxe4 b6 31. c5 Rxe4 32. Nxe4 Be2 33. Re1 Bxb5
34. cxb6 Rxf4 35. b7 Rf8 36. Nf6+ Kf7 37. Ne8
1-0

[Event "Fagernes Chess International"]
[Site "Fagernes"]
[Date "2015.03.29"]
[Round "7"]
[White "Ranaldi, Lucas"]
[Black "Maloberti, David"]
[Result "1/2-1/2"]
[WhiteElo "2014"]
[BlackElo "2140"]
[PlyCount "115"]
[EventDate "2015.??.??"]

1. d4 Nf6 2. Bg5 e6 3. e4 h6 4. Bxf6 gxf6 5. Nc3 c5 6. d5 Qb6 7. Rb1 e5 8. Qh5
d6 9. Bb5+ Bd7 10. Bxd7+ Nxd7 11. Nge2 Rg8 12. O-O Rg5 13. Qh3 O-O-O 14. b4
cxb4 15. a3 a5 16. axb4 axb4 17. Qd3 Kb8 18. Qc4 Qc5 19. Qxb4 Qxb4 20. Rxb4 f5
21. f3 f4 22. g4 fxg3 23. hxg3 h5 24. Rfb1 Nc5 25. Na4 Rd7 26. Nxc5 dxc5 27.
Rb5 f5 28. Kf2 fxe4 29. fxe4 c4 30. Rh1 Rc7 31. Rbb1 Bc5+ 32. Kg2 Rg4 33. Rxh5
Rxe4 34. Rh8+ Rc8 35. Rxc8+ Kxc8 36. Nc3 Re3 37. Na4 Bd4 38. c3 Bxc3 39. Rc1
Bd4 40. Rxc4+ Kd7 41. Rb4 Kc7 42. Kh3 Re2 43. Kg4 Ra2 44. Nc3 Bxc3 45. Rc4+ Kd6
46. Rxc3 Rb2 47. Kf5 b5 48. Rc8 Rf2+ 49. Ke4 Re2+ 50. Kd3 Re1 51. Rd8+ Kc7 52.
Ra8 Kb6 53. g4 Kc5 54. Rb8 e4+ 55. Kd2 Rg1 56. d6 Rg3 57. Re8 Rd3+ 58. Kc2
1/2-1/2

[Event "Fagernes Chess International"]
[Site "Fagernes"]
[Date "2015.03.29"]
[Round "7"]
[White "Johnsen, Kjell Magne"]
[Black "Machlik, Monika"]
[Result "1/2-1/2"]
[WhiteElo "2099"]
[BlackElo "1967"]
[PlyCount "84"]
[EventDate "2015.??.??"]

1. d4 Nf6 2. Nf3 e6 3. Bf4 c5 4. e3 d5 5. c3 Nc6 6. Nbd2 Bd6 7. Bg3 O-O 8. Bd3
h6 9. Ne5 Bxe5 10. Bxe5 Nxe5 11. dxe5 Nd7 12. f4 c4 13. Bc2 Qb6 14. O-O Qxb2
15. Rf3 Qxc3 16. Rc1 Qb4 17. Rg3 f5 18. Nf3 Qe7 19. Nd4 Nc5 20. Rh3 Bd7 21. g4
Ne4 22. Bxe4 dxe4 23. gxf5 exf5 24. Rxc4 Be6 25. Rc2 Rac8 26. Rg3 Rxc2 27. Qxc2
Rc8 28. Qb2 Qf7 29. a3 b6 30. Rg2 Kh7 31. h3 Qd7 32. Kh2 Rc5 33. Qf2 Rc7 34.
Qg3 Qf7 35. Qe1 a6 36. Qb4 b5 37. Qd6 Re7 38. Qxa6 Bc4 39. Qc8 Be6 40. Qc5 Bc4
41. Qc8 Be6 42. Qc6 Bc4
1/2-1/2

[Event "Fagernes Chess International"]
[Site "Fagernes"]
[Date "2015.03.29"]
[Round "7"]
[White "Lundberg, Alf W."]
[Black "Løbersli, Henrik Øie"]
[Result "1-0"]
[WhiteElo "1925"]
[BlackElo "2078"]
[PlyCount "139"]
[EventDate "2015.??.??"]

1. e4 e5 2. Nf3 Nc6 3. d4 exd4 4. Nxd4 Bc5 5. Nb3 Bb6 6. Nc3 Nf6 7. Bg5 h6 8.
Bh4 d6 9. f4 g5 10. fxg5 Ng4 11. Nd5 hxg5 12. Nxb6 axb6 13. Bg3 Qf6 14. c3 Qg6
15. Bd3 Nce5 16. Qe2 Nxd3+ 17. Qxd3 f5 18. exf5 Bxf5 19. Qe2+ Kd7 20. O-O Raf8
21. Nd4 Nh6 22. Qb5+ Kc8 23. Rad1 Bg4 24. Rc1 Bd7 25. Qc4 Nf5 26. Nxf5 Rxf5 27.
Rxf5 Bxf5 28. a4 Qe6 29. Qd4 Re8 30. Rf1 Be4 31. c4 Bc6 32. Re1 Qd7 33. Rxe8+
Qxe8 34. Qg4+ Kb8 35. Qxg5 Qe2 36. Qg8+ Ka7 37. Bh4 Qe3+ 38. Kf1 Qd3+ 39. Kf2
Qd2+ 40. Kf1 Qd1+ 41. Kf2 Qc2+ 42. Kf1 Qd3+ 43. Kf2 Qd4+ 44. Kg3 Qe4 45. Kh3
Qe3+ 46. Kg4 Bxg2 47. Bg3 Bf3+ 48. Kf5 Qe4+ 49. Kf6 Bg4 50. Qd5 Qe8 51. a5 bxa5
52. Qd4+ b6 53. Qxg4 Qf8+ 54. Kg6 Qg8+ 55. Kf5 Qf7+ 56. Kg5 Qg8+ 57. Kh4 Qh8+
58. Qh5 Qxb2 59. Qf7 Qd4+ 60. Bf4 Kb8 61. Kg5 Qc5+ 62. Kf6 Qc6 63. Ke7 b5 64.
cxb5 Qxb5 65. Qe8+ Qxe8+ 66. Kxe8 a4 67. Kd7 Kb7 68. h4 a3 69. Bc1 a2 70. Bb2
1-0

[Event "Fagernes Chess International"]
[Site "Fagernes"]
[Date "2015.03.29"]
[Round "7"]
[White "Machlik, Jon"]
[Black "Smits, Frans"]
[Result "1-0"]
[WhiteElo "1947"]
[BlackElo "2064"]
[PlyCount "73"]
[EventDate "2015.??.??"]

1. e4 e6 2. d4 d5 3. Nd2 Be7 4. Ngf3 Nf6 5. Bd3 c5 6. exd5 Qxd5 7. dxc5 Qxc5 8.
O-O O-O 9. Re1 Nbd7 10. Nb3 Qc7 11. Nbd4 Nc5 12. Bf1 Rd8 13. c4 Bd7 14. b4 Bc6
15. Qc2 Be4 16. Qc3 Na4 17. Qb3 Nb6 18. Bb2 a6 19. a4 Nbd7 20. Nd2 Bg6 21. g3
e5 22. N4f3 e4 23. Nh4 Ne5 24. Nxg6 hxg6 25. Nxe4 Nxe4 26. Rxe4 Nc6 27. c5 Bf6
28. Bxf6 gxf6 29. Qc3 f5 30. Rh4 Qe5 31. Qxe5 Nxe5 32. Bg2 Rab8 33. Rf4 Nd3 34.
Rc4 Ne5 35. Rc3 g5 36. b5 g4 37. Rac1
1-0

[Event "Fagernes Chess International"]
[Site "Fagernes"]
[Date "2015.03.29"]
[Round "7"]
[White "Melkevik, Johannes"]
[Black "Donchenko, Irina"]
[Result "1/2-1/2"]
[WhiteElo "2014"]
[BlackElo "2058"]
[PlyCount "43"]
[EventDate "2015.??.??"]

1. e4 c6 2. d4 d5 3. e5 Bf5 4. h4 h6 5. g4 Be4 6. f3 Bg6 7. h5 Bh7 8. e6 Qd6 9.
exf7+ Kxf7 10. Bd3 Bxd3 11. Qxd3 Nd7 12. Nc3 e5 13. Bd2 exd4 14. Qxd4 Qg3+ 15.
Qf2 Qxf2+ 16. Kxf2 Bc5+ 17. Kg2 Ngf6 18. Nge2 Rhe8 19. Ng3 Be3 20. Bxe3 Rxe3
21. Kf2 Re6 22. Nf5
1/2-1/2

[Event "Fagernes Chess International"]
[Site "Fagernes"]
[Date "2015.03.29"]
[Round "7"]
[White "Bentsen, Håkon"]
[Black "Nordquelle, Daniel"]
[Result "1-0"]
[WhiteElo "2050"]
[BlackElo "1874"]
[PlyCount "71"]
[EventDate "2015.??.??"]

1. e4 e6 2. d4 d5 3. Nd2 Nf6 4. e5 Nfd7 5. Bd3 c5 6. c3 Nc6 7. Ne2 cxd4 8. cxd4
f6 9. exf6 Nxf6 10. O-O Bd6 11. Nf3 Qc7 12. g3 O-O 13. Bf4 Bd7 14. Rc1 Rac8 15.
Bb5 Qb8 16. Bxd6 Qxd6 17. Bxc6 Bxc6 18. Nc3 b5 19. Ne5 b4 20. Na4 Bb5 21. Rxc8
Rxc8 22. Re1 Qa6 23. Nc5 Qxa2 24. Qd2 Ne4 25. Qxb4 Nxc5 26. dxc5 Qa4 27. Qxa4
Bxa4 28. Ra1 Be8 29. b4 Rc7 30. Ra6 Bf7 31. Nc6 Kf8 32. b5 Be8 33. Rxa7 Rxa7
34. Nxa7 Ke7 35. b6 Kd8 36. c6
1-0

[Event "Fagernes Chess International"]
[Site "Fagernes"]
[Date "2015.03.29"]
[Round "7"]
[White "Tangelder, Yonne"]
[Black "Hoem, Tor Wetle"]
[Result "1-0"]
[WhiteElo "1875"]
[BlackElo "2039"]
[PlyCount "59"]
[EventDate "2015.??.??"]

1. e4 c5 2. Nc3 g6 3. f4 Bg7 4. Nf3 b6 5. d4 cxd4 6. Nxd4 Bb7 7. Be2 Nc6 8. Be3
d6 9. O-O Nf6 10. Bb5 Rc8 11. e5 Ng8 12. e6 f5 13. Nxf5 Bxc3 14. bxc3 Nf6 15.
Nh6 Qc7 16. f5 a6 17. fxg6 hxg6 18. Qd3 Rxh6 19. Bxh6 axb5 20. Qxg6+ Kd8 21.
Qg8+ Ne8 22. Rf8 Qb8 23. Rxe8+ Kc7 24. Rf8 Ne5 25. Qg7 Re8 26. Raf1 Qc8 27.
Rxe8 Qxe8 28. Rf8 Qh5 29. Qxe7+ Kc6 30. Qe8+
1-0